Historia de las matemáticas
Đã lưu trong:
| Tác giả chính: | |
|---|---|
| Định dạng: | Sách |
| Ngôn ngữ: | Tiếng Tây Ban Nha |
| Được phát hành: |
Ciudad de México
Siglo XXI
1998
|
| Phiên bản: | Tercera edición |
| Loạt: | Colección Ciencia y Técnica
|
| Những chủ đề: | |
| Các nhãn: |
Thêm thẻ
Không có thẻ, Là người đầu tiên thẻ bản ghi này!
|
MARC
| LEADER | 00000nam a2200000 a 4500 | ||
|---|---|---|---|
| 001 | UCP1697 | ||
| 003 | CL-VaPUC | ||
| 005 | 20230718074434.0 | ||
| 008 | 990426e19980000MX |||||||||||||||||spa|d | ||
| 999 | |c 280352 |d 280350 | ||
| 040 | |c Pontificia Universidad Católica de Valparaíso | ||
| 082 | 0 | 4 | |a 510.9 COL 1998 |2 21 |
| 100 | 0 | |a Collette, Jean Paul |e author |9 427877 | |
| 245 | 1 | 0 | |a Historia de las matemáticas |
| 250 | |a Tercera edición | ||
| 260 | |a Ciudad de México |b Siglo XXI |c 1998 | ||
| 300 | |a 2 volúmenes | ||
| 490 | 0 | |a Colección Ciencia y Técnica | |
| 583 | |a last modification |c 20120724 01:29:35 |k Rodrigo Vera | ||
| 600 | 0 | 7 | |a PLATON |2 CL-VaPUC |9 222 |
| 600 | 0 | 7 | |a EUCLIDES |2 CL-VaPUC |9 335277 |
| 600 | 0 | 7 | |a PITAGORAS |2 CL-VaPUC |9 427878 |
| 600 | 0 | 7 | |a ARQUIMIDES |2 CL-VaPUC |9 427879 |
| 650 | 0 | |a Matemática |9 260235 | |
| 650 | 0 | |a Historia |9 255047 | |
| 651 | 0 | |a Egipto |9 268199 | |
| 651 | 0 | |a Grecia |9 265314 | |
| 942 | |c BK |2 ddc | ||
| 945 | |d 19990426 00:00:00 |a rbrito | ||